Organic components in Argentine soils : I.- Nitrogen distribution in soils and their humic acids /
Guardado en:
| Autor Principal: | |
|---|---|
| Autor Corporativo: | |
| Otros Autores: | , |
| Formato: | Artículo |
| Idioma: | Undetermined |
| Publicado: |
1978.
|
| Etiquetas: |
Agregar Etiqueta
Sin Etiquetas, Sea el primero en etiquetar este registro!
|
| LEADER | 00751nab a22001935a 4500 | ||
|---|---|---|---|
| 001 | EEA.libagro010997 | ||
| 005 | 20180704113337.0 | ||
| 008 | 180704s1978####xx############0###0#und#d | ||
| 082 | 0 | 4 | |a 631.417 |
| 100 | 1 | |a Rosell, Ramón Antonio. | |
| 245 | 1 | 0 | |a Organic components in Argentine soils : |b I.- Nitrogen distribution in soils and their humic acids / |c R.A. Rosell, J. Chr. Salfeld und H. Söchtig. |
| 260 | |c 1978. | ||
| 300 | |a p. : |b il. ; |c 25 cm. | ||
| 500 | |a Publicaciones del LAHBIS. | ||
| 700 | 1 | |a Salfeld, J. C. | |
| 700 | 1 | |a Söchtig, H. | |
| 710 | 2 | |a Universidad Nacional del Sur. |b Instituto de Edafología e Hidrología. | |
| 773 | 0 | |7 ||as |t Agrochimica |x 0002-1857 |g v. XXII (2), pp. 98-105 | |
| 859 | |a AR-BbBCA |b BIB. AGRONOMIA |h 631.417 |i B151 5 |p 1996/2686 | ||
